000 00917nam a2200277Ia 4500
003 OSt
005 20221005104606.0
006 a|||||r|||| 00| 0
007 ta
008 221004b |||||||| |||| 00| 0 hin d
020 _a8171198902 (pbk)
_cIndian Rupees 95
024 _a41122
037 _bGift, 10/01/2019,
_cTextual
040 _aCRL
_cCRL
_bhin
041 _2hin
_ahin
082 _aO152,3N473,SU, P4
100 _aसंजीव, ले.
245 0 _aसूत्रधार
246 _aSūtradhāra
260 _aदिल्ली
_bराधाकृष्ण पेपरबैक्स भारत
_c2004
300 _a343पृ0
_ccm.
650 _a हिन्दी साहित्य
650 _aहिन्दी कहानी
942 _hO152,3N473,SU, P4
_cTEXL
_2cc
999 _c1013193
_d1013193